Virtuální porady jsou jako brokolice

8 zásad ako dobre viesť poradu na internete alebo telekonferenciu.

Na minha lista:
Detalhes bibliográficos
Formato: Capítulo de Livro
Idioma:tcheco
Assuntos:
Tags: Adicionar Tag
Sem tags, seja o primeiro a adicionar uma tag!

MARC

LEADER 00000naa a2200000 4500
001 0127132
005 20231113132709.2
041 0 |a cze 
044 |a CZ 
245 1 0 |a Virtuální porady jsou jako brokolice 
520 |a 8 zásad ako dobre viesť poradu na internete alebo telekonferenciu. 
610 2 0 |a porady pracovné 
610 2 0 |a internet 
610 2 0 |a konferencie elektronické